Gaming Quiz

Random Gaming or Board Games Quiz

Monopoly Properties Auction Quiz Stats

 Plays Quiz Updated Jan 24, 2019

Support Sporcle.
Go Orange.
Score 0/28 Timer 04:00
2 Plays Today
% Correct
Boardwalk
82.3%
B&O Railroad
81.4%
Park Place
80.4%
Reading Railroad
80.1%
Pennsylvania Railroad
79.5%
Baltic Ave.
78.5%
Electric Company
78.2%
Water Works
78.1%
Illinois Ave.
77.9%
Marvin Gardens
77.9%
Pennsylvania Ave.
76%
Connecticut Ave.
75.7%
St. James Place
75.6%
Indiana Ave.
75.4%
% Correct
Oriental Ave.
74.5%
Vermont Ave.
73.3%
Kentucky Ave.
72.4%
St. Charles Place
72.2%
Tennessee Ave.
71.4%
Short Line
70.5%
Mediterranean Ave.
69.8%
Pacific Ave.
69.5%
Atlantic Ave.
69.2%
Virginia Ave.
68.5%
North Carolina Ave.
68.5%
New York Ave.
66.2%
Ventnor Ave.
65.6%
States Ave.
54%

From the Vault

57 'D' Movies

by DarkPhalanx

Movies 14m
This quiz could be helpful if you're cataloging a video store.
Remove Ads.
Support Sporcle.
Get the best of Sporcle when you Go Orange. This ad-free experience offers more features, more stats, and more fun while also helping to support Sporcle. Thank you for becoming a member.

Show Comments

Extras

Top Quizzes Today


Score Distribution

Your Account Isn't Verified!

In order to create a playlist on Sporcle, you need to verify the email address you used during registration. Go to your Sporcle Settings to finish the process.

Report this User

Report this user for behavior that violates our Community Guidelines.

Details: